000 00656nam a2200253Ia 4500
003 OSt
005 20220925230356.0
006 a|||||r|||| 00| 0
007 ta
008 220923b |||||||| |||| 00| 0 eng d
020 _a0860914097
037 _cGeneral Book
040 _aRTL
_cRTL
_beng
041 _2eng
_aeng
082 _aW, N4
100 _aLaclau Ernesto Ed.
_9140817
245 0 _aMaking of political identities
260 _aLondon
_bVerso
_c1994
300 _avii, 296p
_ccm.
490 _aPhronesis
650 _aPolitical Science
942 _hW, N4
_cGB
_2CC
999 _c585310
_d585310